Top 5 de cada Liga Sudamericana - Estadísticas

Estadísticas generales
  • Esta prueba ha sido intentada 81 veces
  • La puntuación promedio es 33 de 50
Estadísticas de respuestas
Equipos # % Correcto
Boca Juniors 35
100%
River Plate 38
100%
River Plate FC 4
100%
Independiente 16
97%
Colo-Colo 34
93%
Palmeiras 12
93%
El Nacional 13
90%
Flamengo 7
90%
Racing Club 18
90%
San Lorenzo 15
90%
Nacional 49
88%
Nacional 9
88%
Santos 8
88%
Alianza Lima 25
87%
Olimpia 47
87%
Peñarol 52
85%
Sao Paulo 6
85%
Atlético Nacional 18
83%
Barcelona SC 16
82%
Universidad de Chile 18
82%
América de Cali 15
78%
Bolívar 31
77%
Millonarios 16
77%
Universidad Católica 16
77%
Universitario 28
75%
Liga de Quito 13
73%
Caracas FC 12
68%
Cerro Porteño 34
68%
Corinthians 7
68%
Libertad 26
67%
Deportivo Cali 10
65%
Emelec 14
65%
Sporting Cristal 20
65%
The Strongest 16
62%
Junior 10
57%
Danubio 4
50%
Cobreloa 8
48%
Defensor Sporting 4
43%
Guaraní 11
43%
Deportivo Táchira 11
42%
Unión Española 7
42%
Oriente Petrolero 5
40%
Jorge Wilstermann 15
37%
Blooming 5
35%
Deportivo Quito 5
27%
Sport Boys 6
17%
Zamora 4
17%
Portuguesa FC 5
15%
Deportivo Municipal 4
7%
Deportivo Miranda 5
5%
No se encontraron pruebas coincidentes
Distribución de puntuación
Porcentaje de gente con cada puntuación
Porcentaje por número respondido
Historial de tus puntuaciones
No has intentado esta prueba.